[Event "EU-chT Seniors 50"]
[Site "Swidnica"]
[Date "2023.07.16"]
[Round "5.1"]
[White "White, Alastair F"]
[Black "Rasalingam, Haran Tobias"]
[Result "0-1"]
[WhiteElo "2051"]
[BlackElo "1826"]
[PlyCount "62"]
[EventDate "2023.07.12"]
[EventType "team-tourn"]
[EventRounds "9"]
[EventCountry "POL"]
[SourceTitle "CBM 215 Extra"]
[Source "ChessBase"]
[SourceDate "2023.09.30"]
[SourceVersion "1"]
[SourceVersionDate "2023.09.30"]
[SourceQuality "1"]
[WhiteTeam "Scotland 50"]
[BlackTeam "England 50 III"]
[WhiteTeamCountry "POL"]
[BlackTeamCountry "ENG"]

1. d4 f5 2. g3 Nf6 3. Bg2 g6 4. Nh3 Bg7 5. Nf4 Nc6 6. c3 e6 7. Nd2 g5 8. Nd3 0-0 9. e4 Qe8 10. Qe2 Qg6 11. 0-0 d6 12. e5 Nd5 13. Nc4 b5 14. Ne3 Nce7 15. a4 Bb7 16. axb5 f4 17. Nxd5 Nxd5 18. f3 fxg3 19. hxg3 a6 20. c4 Ne7 21. bxa6 Bxa6 22. f4 d5 23. Rxa6 Rxa6 24. Nc5 Ra1 25. b4 gxf4 26. gxf4 Rfa8 27. Bb2 Rxf1+ 28. Kxf1 Qb1+ 29. Kf2 Ra2 30. Kg3 Rxb2 31. Qh5 Qg6+ 0-1

[Event "EU-chT Seniors 50"]
[Site "Swidnica"]
[Date "2023.07.12"]
[Round "1.1"]
[White "Nielsen, Niels Peter"]
[Black "White, Alastair F"]
[Result "1/2-1/2"]
[WhiteElo "2066"]
[BlackElo "2051"]
[PlyCount "30"]
[EventDate "2023.07.12"]
[EventType "team-tourn"]
[EventRounds "9"]
[EventCountry "POL"]
[SourceTitle "CBM 215 Extra"]
[Source "ChessBase"]
[SourceDate "2023.09.30"]
[SourceVersion "1"]
[SourceVersionDate "2023.09.30"]
[SourceQuality "1"]
[WhiteTeam "Denmark WriteUpp 50"]
[BlackTeam "Scotland 50"]
[WhiteTeamCountry "DEN"]
[BlackTeamCountry "POL"]

1. e4 d6 2. d4 Nf6 3. Nc3 e5 4. dxe5 dxe5 5. Qxd8+ Kxd8 6. Bg5 c6 7. Nf3 Bd6 8. Bh4 Ke7 9. Nd2 Be6 10. Bc4 b5 11. Bxe6 fxe6 12. a4 b4 13. Nd1 Nbd7 14. Ne3 Bc7 15. f3 Rhg8 1/2-1/2

[Event "EU-chT Seniors 65"]
[Site "Chalkidiki"]
[Date "2016.04.20"]
[Round "2.1"]
[White "White, Alastair F"]
[Black "Hollstein, Joachim"]
[Result "1-0"]
[WhiteElo "2070"]
[BlackElo "2070"]
[PlyCount "73"]
[EventDate "2016.04.19"]
[EventType "team-tourn"]
[EventRounds "9"]
[EventCountry "GRE"]
[SourceTitle "CBM 172 Extra"]
[Source "ChessBase"]
[SourceDate "2016.06.21"]
[SourceVersion "1"]
[SourceVersionDate "2016.06.21"]
[SourceQuality "1"]
[WhiteTeam "Scotland II"]
[BlackTeam "Stiftung BSW/DBAG"]
[WhiteTeamCountry "SCO"]
[BlackTeamCountry "GER"]

1. e4 c6 2. b3 d5 3. Bb2 dxe4 4. Nc3 Nf6 5. h3 h5 6. g3 Bf5 7. Bg2 Nbd7 8. Qe2 Qb6 9. Nxe4 Nxe4 10. Bxe4 Bxe4 11. Qxe4 0-0-0 12. Nf3 Nf6 13. Qe3 Ne8 14. Ng5 Qxe3+ 15. dxe3 Nd6 16. 0-0-0 Re8 17. Ba3 f6 18. Bxd6 fxg5 19. Be5 Rh7 20. Rd3 Rd8 21. Rhd1 Rxd3 22. Rxd3 g6 23. Kd2 Bg7 24. Bd4 Bxd4 25. Rxd4 Kc7 26. c4 Rf7 27. Ke2 Rf5 28. e4 Rf8 29. e5 c5 30. Rd5 b6 31. e6 a5 32. Rd7+ Kc6 33. Rxe7 Rf6 34. g4 Kd6 35. Rd7+ Kxe6 36. Rd5 Rf4 37. gxh5 1-0

[Event "London Classic op 6th"]
[Site "London"]
[Date "2014.12.12"]
[Round "5"]
[White "White, Alastair F"]
[Black "Houska, Jovanka"]
[Result "0-1"]
[WhiteElo "2058"]
[BlackElo "2388"]
[PlyCount "36"]
[EventDate "2014.12.08"]
[EventType "swiss"]
[EventRounds "9"]
[EventCountry "ENG"]
[SourceTitle "CBM 163 Extra"]
[Source "ChessBase"]
[SourceDate "2014.12.23"]
[SourceVersion "1"]
[SourceVersionDate "2014.12.23"]
[SourceQuality "1"]

1. e4 c6 2. d3 d5 3. Nd2 e5 4. Ngf3 Bd6 5. d4 exd4 6. Bd3 Ne7 7. 0-0 Bg4 8. Re1 Nd7 9. exd5 cxd5 10. h3 Bh5 11. Nb3 Bb4 12. Re2 Bxf3 13. gxf3 0-0 14. Bf4 Nc6 15. a3 Qf6 16. axb4 Qxf4 17. b5 Nce5 18. Nxd4 Qxd4 0-1

[Event "London Classic op 6th"]
[Site "London"]
[Date "2014.12.11"]
[Round "4"]
[White "Maisuradze, Nino"]
[Black "White, Alastair F"]
[Result "0-1"]
[WhiteElo "2323"]
[BlackElo "2058"]
[PlyCount "58"]
[EventDate "2014.12.08"]
[EventType "swiss"]
[EventRounds "9"]
[EventCountry "ENG"]
[SourceTitle "CBM 163 Extra"]
[Source "ChessBase"]
[SourceDate "2014.12.23"]
[SourceVersion "1"]
[SourceVersionDate "2014.12.23"]
[SourceQuality "1"]

1. d4 d6 2. c4 e5 3. Nc3 exd4 4. Qxd4 Nf6 5. b3 Nc6 6. Qd2 g6 7. Bb2 Bg7 8. g3 0-0 9. Bg2 Re8 10. Nh3 d5 11. Nxd5 Bxh3 12. Bxh3 Ne4 13. Qc1 Nd4 14. e3 Nc5 15. Qd1 Nf3+ 16. Qxf3 Bxb2 17. Rb1 c6 18. 0-0 Bg7 19. Nf4 Ne4 20. Qg2 Nd2 21. Rbd1 Qa5 22. Rfe1 Qxa2 23. f3 Rad8 24. e4 Qa5 25. Ne2 Qb6+ 26. Kh1 Qxb3 27. Nc1 Qc3 28. f4 Nxc4 29. Rxd8 Qxe1+ 0-1

[Event "EU-chT Seniors"]
[Site "Sibenik"]
[Date "2014.04.05"]
[Round "5.15"]
[White "Powell, Lloyd"]
[Black "White, Alastair F"]
[Result "1/2-1/2"]
[WhiteElo "2132"]
[BlackElo "2058"]
[PlyCount "29"]
[EventDate "2014.04.01"]
[EventType "team-swiss"]
[EventRounds "9"]
[EventCountry "CRO"]
[SourceTitle "CBM 159 Extra"]
[Source "ChessBase"]
[SourceDate "2014.04.24"]
[SourceVersion "1"]
[SourceVersionDate "2014.04.24"]
[SourceQuality "1"]
[WhiteTeam "Wales Gwent Seniors"]
[BlackTeam "Scotland Seniors II"]
[WhiteTeamCountry "WLS"]
[BlackTeamCountry "SCO"]

1. d4 d6 2. Nf3 Bg4 3. c4 Bxf3 4. gxf3 e5 5. d5 f5 6. Nc3 Nd7 7. f4 a6 8. Qc2 e4 9. e3 Be7 10. b3 Bf6 11. Bb2 Nh6 12. Be2 0-0 13. Rg1 Qe7 14. Rg2 c5 15. a4 1/2-1/2

[Event "EU-chT Seniors"]
[Site "Sibenik"]
[Date "2014.04.04"]
[Round "4.15"]
[White "Niebuhr, Gerd"]
[Black "White, Alastair F"]
[Result "1/2-1/2"]
[WhiteElo "2036"]
[BlackElo "2058"]
[PlyCount "37"]
[EventDate "2014.04.01"]
[EventType "team-swiss"]
[EventRounds "9"]
[EventCountry "CRO"]
[SourceTitle "CBM 159 Extra"]
[Source "ChessBase"]
[SourceDate "2014.04.24"]
[SourceVersion "1"]
[SourceVersionDate "2014.04.24"]
[SourceQuality "1"]
[WhiteTeam "Germany Niedersachsen Seniors"]
[BlackTeam "Scotland Seniors II"]
[WhiteTeamCountry "GER"]
[BlackTeamCountry "SCO"]

1. d4 d6 2. Nf3 Bg4 3. e4 Nf6 4. Nc3 e6 5. Be2 Be7 6. 0-0 0-0 7. h3 Bh5 8. Bf4 Nbd7 9. e5 Nd5 10. Nxd5 exd5 11. Qd2 Re8 12. Rfe1 Nf8 13. exd6 cxd6 14. g4 Bg6 15. Bb5 Nd7 16. Bd3 Nf6 17. Bxg6 hxg6 18. Ng5 Qd7 19. f3 1/2-1/2

[Event "EU-Cup 29th"]
[Site "Rhodes"]
[Date "2013.10.26"]
[Round "7.5"]
[White "Costantini, Roberto"]
[Black "White, Alastair F"]
[Result "1-0"]
[WhiteElo "2300"]
[BlackElo "2093"]
[PlyCount "55"]
[EventDate "2013.10.20"]
[EventType "team-swiss"]
[EventRounds "7"]
[EventCountry "GRE"]
[SourceTitle "CBM 157"]
[Source "ChessBase"]
[SourceDate "2013.11.12"]
[SourceVersion "1"]
[SourceVersionDate "2013.11.12"]
[SourceQuality "1"]
[WhiteTeam "Bologna"]
[BlackTeam "Edinburgh"]
[WhiteTeamCountry "ITA"]
[BlackTeamCountry "SCO"]

1. e4 d5 2. exd5 Nf6 3. d4 Nxd5 4. Nf3 Bf5 5. Be2 e6 6. 0-0 Be7 7. a3 0-0 8. c4 Nb6 9. Be3 N8d7 10. Qb3 Nf6 11. Nc3 Ne4 12. Rac1 a5 13. Nxe4 Bxe4 14. Nd2 a4 15. Qc3 Bf5 16. Bf3 c6 17. Ne4 Nd7 18. Qd2 Qa5 19. Nc3 Rfd8 20. Qe2 Nf6 21. Rfd1 e5 22. Bd2 Rxd4 23. Nd5 Qd8 24. Qxe5 Bc5 25. Nxf6+ Qxf6 26. Qxc5 Rad8 27. Bc3 Rxd1+ 28. Rxd1 1-0

[Event "EU-Cup 29th"]
[Site "Rhodes"]
[Date "2013.10.22"]
[Round "3.5"]
[White "White, Alastair F"]
[Black "Polaczek, Richard"]
[Result "0-1"]
[WhiteElo "2093"]
[BlackElo "2427"]
[PlyCount "63"]
[EventDate "2013.10.20"]
[EventType "team-swiss"]
[EventRounds "7"]
[EventCountry "GRE"]
[SourceTitle "CBM 157"]
[Source "ChessBase"]
[SourceDate "2013.11.12"]
[SourceVersion "1"]
[SourceVersionDate "2013.11.12"]
[SourceQuality "1"]
[WhiteTeam "Edinburgh"]
[BlackTeam "Eynatten"]
[WhiteTeamCountry "SCO"]
[BlackTeamCountry "BEL"]

1. e4 e6 2. d4 d5 3. Nd2 Nf6 4. Bd3 c5 5. dxc5 Bxc5 6. exd5 Nxd5 7. Ne4 Be7 8. Nf3 Nc6 9. 0-0 0-0 10. c4 Ndb4 11. Bb1 f5 12. Nc3 e5 13. a3 Na6 14. Nd5 e4 15. Nd4 Bf6 16. Nxc6 bxc6 17. Nxf6+ Qxf6 18. Qe2 Be6 19. b3 Qc3 20. Qc2 Qf6 21. Bb2 Qg6 22. Qc3 Nc5 23. Bc2 f4 24. Rfe1 f3 25. g3 Rf7 26. Re3 Qg4 27. Kh1 Rf6 28. Qe1 Rh6 29. Qf1 Rxh2+ 30. Kxh2 Qh5+ 31. Kg1 Bh3 32. Bxe4 0-1

[Event "London Classic op 4th"]
[Site "London"]
[Date "2012.12.09"]
[Round "9"]
[White "Gikas, Andreas Basilius"]
[Black "White, Alastair F"]
[Result "1/2-1/2"]
[WhiteElo "2210"]
[BlackElo "2112"]
[PlyCount "33"]
[EventDate "2012.12.01"]
[EventType "swiss"]
[EventRounds "9"]
[EventCountry "ENG"]
[SourceTitle "EXT 2014"]
[Source "ChessBase"]
[SourceDate "2013.11.20"]
[SourceVersion "1"]
[SourceVersionDate "2013.11.20"]
[SourceQuality "1"]

1. e4 g6 2. d4 Bg7 3. Nc3 d6 4. f4 Nf6 5. Nf3 0-0 6. Bd3 Nc6 7. 0-0 e5 8. fxe5 dxe5 9. d5 Ne7 10. Qe1 c6 11. dxc6 Nxc6 12. Qh4 Nh5 13. Bg5 Qb6+ 14. Kh1 h6 15. Bd2 Be6 16. Nd5 Qd8 17. Qxd8 1/2-1/2

[Event "London Classic op 4th"]
[Site "London"]
[Date "2012.12.07"]
[Round "7"]
[White "Eames, Robert"]
[Black "White, Alastair F"]
[Result "1-0"]
[WhiteElo "2263"]
[BlackElo "2112"]
[PlyCount "35"]
[EventDate "2012.12.01"]
[EventType "swiss"]
[EventRounds "9"]
[EventCountry "ENG"]
[SourceTitle "CBM 151 Extra"]
[Source "ChessBase"]
[SourceDate "2012.12.18"]
[SourceVersion "1"]
[SourceVersionDate "2012.12.18"]
[SourceQuality "1"]

1. d4 d6 2. e4 Nf6 3. Nc3 g6 4. f4 Bg7 5. Nf3 0-0 6. Be3 b6 7. Qd2 c5 8. 0-0-0 Ng4 9. dxc5 Nxe3 10. Qxe3 bxc5 11. Bc4 Nd7 12. h4 Nb6 13. Be2 Be6 14. h5 Rb8 15. hxg6 hxg6 16. Ng5 Nc4 17. Bxc4 Bxc4 18. Rh8+ 1-0

[Event "Wch Seniors 22nd"]
[Site "Kamena Vourla"]
[Date "2012.11.17"]
[Round "5"]
[White "White, Alastair F"]
[Black "Jansa, Vlastimil"]
[Result "0-1"]
[WhiteElo "2096"]
[BlackElo "2451"]
[PlyCount "89"]
[EventDate "2012.11.13"]
[EventType "swiss"]
[EventRounds "11"]
[EventCountry "GRE"]
[SourceTitle "CBM 151 Extra"]
[Source "ChessBase"]
[SourceDate "2012.12.18"]
[SourceVersion "1"]
[SourceVersionDate "2012.12.18"]
[SourceQuality "1"]

1. e4 c5 2. Nf3 e6 3. c3 Nf6 4. e5 Nd5 5. d4 cxd4 6. cxd4 b6 7. Nc3 Nxc3 8. bxc3 Qc7 9. Be2 d6 10. 0-0 Nd7 11. Bf4 Bb7 12. Bb5 a6 13. exd6 Bxd6 14. Bxd6 Qxd6 15. Bxd7+ Qxd7 16. Rb1 b5 17. c4 0-0 18. Ne5 Qe7 19. cxb5 axb5 20. Qb3 Qg5 21. Qg3 Qxg3 22. hxg3 Rxa2 23. Rfc1 f6 24. Nc6 Bxc6 25. Rxc6 Rb8 26. Rxe6 Kf7 27. Re3 Ra4 28. Reb3 b4 29. Re3 Rd8 30. Re4 Rd5 31. Rb3 f5 32. Re5 Rxe5 33. dxe5 Ke6 34. f4 Kd5 35. Rd3+ Kc4 36. Rd7 b3 37. Rc7+ Kd3 38. Rb7 Kc3 39. e6 b2 40. e7 Ra8 41. Rc7+ Kb3 42. Rb7+ Ka2 43. Ra7+ Rxa7 44. e8Q b1Q+ 45. Kh2 0-1

[Event "Wch Seniors 22nd"]
[Site "Kamena Vourla"]
[Date "2012.11.16"]
[Round "4"]
[White "Frick, Christoph"]
[Black "White, Alastair F"]
[Result "0-1"]
[WhiteElo "2264"]
[BlackElo "2096"]
[PlyCount "82"]
[EventDate "2012.11.13"]
[EventType "swiss"]
[EventRounds "11"]
[EventCountry "GRE"]
[SourceTitle "CBM 151 Extra"]
[Source "ChessBase"]
[SourceDate "2012.12.18"]
[SourceVersion "1"]
[SourceVersionDate "2012.12.18"]
[SourceQuality "1"]

1. e4 e5 2. Nf3 Nc6 3. Bc4 Nf6 4. d3 h6 5. 0-0 g6 6. d4 exd4 7. Nxd4 Nxd4 8. Qxd4 Bg7 9. e5 Nh7 10. Qd3 Qe7 11. Bf4 Ng5 12. Nc3 Ne6 13. Bg3 0-0 14. Rad1 c6 15. a4 a5 16. Kh1 b6 17. b3 Ba6 18. Qxd7 Qxd7 19. Rxd7 Bxc4 20. bxc4 Nc5 21. Rc7 Rac8 22. Rxc8 Rxc8 23. Rb1 Nd7 24. f4 g5 25. fxg5 hxg5 26. Ne4 Bxe5 27. Rd1 Bxg3 28. Rxd7 Bf4 29. g3 Be3 30. Nd6 Rb8 31. g4 Bf4 32. Nxf7 b5 33. cxb5 cxb5 34. axb5 Rxb5 35. Ra7 Rc5 36. Nh6+ Kf8 37. h4 Rxc2 38. hxg5 Rh2+ 39. Kg1 Be3+ 40. Kxh2 Bxa7 41. g6 a4 0-1